| 000 | 02348nam a2200517 c 4500 | ||
|---|---|---|---|
| 999 |
_c133820 _d133820 |
||
| 003 | BLK | ||
| 005 | 20250128103813.0 | ||
| 008 | 180409b bul|||||r ||||||| ||bul|| | ||
| 010 | _aKNG00139721000 | ||
| 020 | _a978-954-476-058-8 | ||
| 040 | _aBLK | ||
| 041 |
_aBUL _cBUL |
||
| 072 | 7 |
_2bullib _aН92 _xИстория Н |
|
| 072 | 7 |
_2bullib _aРА _xРусенски автори |
|
| 080 |
_aПаметници на културата на историческите периоди. Археологическите паметници. Старини _b904 _x(497.21-31) _z904(497.21-31) |
||
| 100 | 1 |
_aВърбанов, Върбин Добрев _eпърви автор _9324106 |
|
| 139 |
_aВърбанов, Върбин Добрев и др. _bВ 97 |
||
| 245 | 1 | 0 |
_aСексагинта Приста и други проучвани обекти от римската епоха в Русенско _cВърбин Добрев Върбанов; съавт. Деян Драгоев; * Николай Иванов Ненов. |
| 257 | _aBGR | ||
| 260 |
_bРОД _c2012 _fРусе : Русе прес |
||
| 300 |
_a88 с. _bс цв. ил., сх. _c21 см |
||
| 380 | _a9 | ||
| 500 | _aИзд. на Регионален ист. музей - Русе. - За наследството на Римския Лимес / Николай Ненов: с. 4-5. - Библиогр. след отд. гл. | ||
| 650 | 4 |
_aКрепости - Русенско _9324107 |
|
| 650 | 4 |
_aГрадове, римски - България _9269269 |
|
| 651 | 4 |
_aРусе _9179462 |
|
| 651 | 4 |
_aРусенско _9179464 |
|
| 651 | 4 |
_aБългария _9241624 |
|
| 653 | _aСексагинта Приста | ||
| 653 | _aкрепости | ||
| 653 | _aантични градове | ||
| 653 | _aримски градове | ||
| 659 | _aК | ||
| 659 | _aН | ||
| 700 | 1 |
_aДрагоев, Деян _eсъавт. _9298983 |
|
| 700 |
_aНенов, Николай Иванов _gисторик, професор, доктор, Русенски ист. музей _9366222 |
||
| 852 | _aЦб 258384 | ||
| 852 | _aК 9/В 97 В | ||
| 856 | 4 | _qpdf | |
| 856 | 4 | _qpdf | |
| 942 |
_cKNG _n0 _010 _s1 |
||
| 944 |
_aCR _c19.02.2013 _lЦветелина Шанова _k30531 |
||
| 944 |
_aED _c16.09.2014 _lф / |
||
| 999 | _d133820 | ||
| 999 | _d133820 | ||